|
|
|
|
| LEADER |
00000cam a2200000 i 4500 |
| 001 |
1/89400 |
| 008 |
051118s2003 gre d |
| 035 |
|
|
|l 10081317
|
| 040 |
|
|
|a GR-MY-UA
|b gre
|e aacr
|
| 041 |
0 |
|
|a gre
|
| 082 |
0 |
|
|a 650.028546
|2 (22)
|
| 245 |
1 |
0 |
|a Ψηφιακή επιχειρηματικότητα και νοτιοανατολική Ευρώπη :
|b Δ'κύκλος εργασιών : ομάδα εργασίας ΟΕ Δ5 /
|c συντονιστές: Παντελής Αγγελίδης, Δημήτρης Ψυχογιός ; rapporteur: Γιώργος Νεοφώτιστος, Νίκος Γιαγκούλης
|
| 260 |
|
|
|a Αθήνα :
|b [χ.ο.],
|c 2003
|
| 300 |
|
|
|a 49 σ.;
|b πίν.;
|c 30 εκ.
|
| 500 |
|
|
|a Το forum αποτελεί έργο του Ε.Π. "Κοινωνία της Πληροφόρησης" που υλοποιείται απο το ΕΔΕΤ Α.Ε. (Εθνικό Δίκτυο Έρευνας και Τεχνολογίας Α.Ε."
|
| 650 |
0 |
0 |
|a Electronic commerce.
|
| 650 |
0 |
0 |
|a Business
|x Computer network resources.
|
| 650 |
0 |
0 |
|a Information technology
|x Economic aspects.
|
| 650 |
0 |
0 |
|a Smart cards.
|
| 651 |
|
0 |
|a Balkan Peninsula
|x Commerce.
|
| 700 |
1 |
|
|a Αγγελίδης, Παντελής.
|4 edt
|
| 700 |
1 |
|
|a Ψυχογιός, Δημήτρης Κ.,
|d 1948-
|4 edt
|
| 700 |
1 |
|
|a Νεοφώτιστος, Γιώργος.
|4 ivr
|
| 700 |
1 |
|
|a Γιαγκούλης, Νίκος.
|4 ivr
|
| 710 |
2 |
|
|a Υπουργείο Οικονομικών.
|
| 710 |
2 |
|
|a Υπουργείο Εσωτερικών, Δημόσιας Διοίκησης & Αποκέντρωσης.
|
| 710 |
2 |
|
|a Ελληνική Δημοκρατία
|b Υπουργείο Ανάπτυξης
|b Γενική Γραμματεία Βιομηχανίας.
|
| 710 |
2 |
|
|a Ευρωπαϊκή Ένωση
|b Ευρωπαϊκό Ταμείο Περιφερειακής Ανάπτυξης.
|
| 774 |
1 |
|
|t E-business forum
|
| 852 |
|
|
|a INST
|b CHIOS
|e 20051118
|h 650.028546 ΨΗΦ
|p 005200023086
|q 005200023086
|t BK
|y 0
|
| 852 |
|
|
|a INST
|b CHIOS
|e 20051118
|h 650.028546 ΨΗΦ
|p 005200023099
|q 005200023099
|t BK
|y 0
|
| 901 |
|
|
|a BIBL2-2005-3
|
| 909 |
|
|
|a Χ
|b 108998
|
| 909 |
|
|
|a Χ
|b 109011
|
| 970 |
|
|
|a ΧΑΖΙΡΗ
|b ΑΝΝΑ
|z 2005/11/18
|